00380nam a2200121Ia 45000010005000000080041000050820025000461000023000712450093000942600029001879010027002169990015002433769241024s9999 xx 000 0 und d aRD/336.01/R696a/2013 aDanilo Rodríguez 0aAdministración Financiera Dominicana para mercadólogos, contadores y administradores bEditora Daro Magnoc2013 a29/5/2014 8:40:25 a.m. c9667d9667